معجزة الهرم الأكبر / (Record no. 26124)

MARC details
000 -الفاتح
حقل البيانات ثابتة الطول 01272nam a2200289 i 4500
003 - محدد رقم الضبط
رقم الضبط EG-ScBUE
005 - وقت وتاريخ اخر تعامل مع التسجيلة
رقم الضبط 20240220101916.0
008 - عناصر البيانات ثابتة الطول - معلومات عامة
حقل البيانات ثابتة الطول 180207s2003 ua o f b 000 0 ara d
040 ## - مصدر الفهرسة
وكالة الفهرسة الأصلية EG-ScBUE
لغة الفهرسة ara
قواعد الوصف rda
وكالة النسخ EG-ScBUE
وكالة التعديل EG-ScBUE
043 ## - رمز المنطقة الجغرافية
رمز المنطقة الجغرافية f-ua---
082 04 - رقم تصنيف ديوى العشرى
رقم التصنيف 932
رقم المادة ح و ا
رقم الطبعة 22
100 1# - المدخل الرئيسى - إسم شخصى
الإسم الشخصى حواس، زاهي،
التواريخ المصاحبة للاسم 1947-
الدور مؤلف.
245 10 - بيان العنوان
العنوان معجزة الهرم الأكبر /
بيان المسئوليه,etc زاهي حواس.
264 #1 - النشر، التوزيع
مكان الناشر او الموزع القاهرة :
اسم الناشر او الموزع مطابع الهيئة العامة للكتاب،
تاريخ النشر أو التوزيع [2003]
300 ## - الوصف المادى
التعداد 179 صفحة، [13] صفحة من اللوحات :
تفاصيل ماديه اخرى للوعاء صور ملونة ؛
أبعاد الوعاء 24 سم
336 ## - نوع المحتوى
source rdacontent
Carrier Type Term نص
Content Type Code txt
337 ## - نوع الوسيط
Media Type Term بدون وسيط
source rdamedia
Media Type Code n
338 ## - نوع الحامل أو الناقل
Carrier Type Term مجلد
Carrier Type Code nc
source rdacarrier
500 ## - تبصرة عامة
تبصرة عامة ورد على صفحة العنوان "نسخة مخصصة لجامعة القاهرة لتوزيعها على الطلاب مجانا"
504 ## - تبصرة ببليوجرافية
تبصرة ببليوجرافية,الخ يشتمل على إرجاعات ببليوجرافية.
600 07 - المدخل الاضافى بالموضوع-اسم شخصى
الإسم الشخصى خوفو،
العنوان والكلمات الأخرى المصاحبة للاسم فرعون مصر،
التواريخ المصاحبة للاسم 2566 قبل الميلاد.
مصدر الرأس أو المصطلح BUEsh
650 #7 - المدخل الاضافى بالموضوع-مصطلح موضوعى
مصطلح موضوعي أو اسم جغرافي كعنصر مدخل الهرم الأكبر (مصر).
مصدر الرأس أو المصطلح BUEsh
651 #7 - المدخل الاضافى بالموضوع - اسم جغرافى
الاسم الجغرافي مصر
التقسيم الفرعي العام آثار
التقسيم الفرعي الزمني العصر الفرعوني، 2980-2475 قبل الميلاد.
مصدر الرأس أو المصطلح BUEsh
653 ## - مصطلح تكشيفى غير مقيد
Resource For college Generalities
Arrived date list February2018
655 ## - مصطلح تكشيفى-نوع/شكل
التقسيم الفرعي الشكلي Reading book
942 ## - عناصر المدخل الإضافي( كوها)
مصدر التصنيف او مخطط الترفيف Dewey Decimal Classification
Holdings
حالة التراجع حالة الفقد مصدر التصنيف او خطة الترفيف حالة تلف ليس للاعارة المكان الدائم المكان الحالي موقع الترفيف تاريخ الاكتساب رقم الاستدعاء الباركود Date last seen نوع الوعاء
    Dewey Decimal Classification     Central Library Central Library Second Floor 07/02/2018 932 ح و ا 000042935 15/07/2025 Book - Borrowing